| 000 | 00594nam a2200193Ia 4500 | ||
|---|---|---|---|
| 005 | 20250508160429.0 | ||
| 008 | 008 250505s9999 xx 000 0 eng d | ||
| 037 | _aReference | ||
| 040 |
_aFEDL _beng _cFEDL |
||
| 041 |
_aeng _2eng |
||
| 084 |
_a370.3, BAR _qFEDL |
||
| 100 |
_aBarhydt Gordon C _9631452 |
||
| 245 | 0 | _aInformation retrieval thesaurus of education terms | |
| 260 |
_aCleveland, USA _bThe Press of Case Western Reserve University _c1968 |
||
| 300 | _avi,133p. | ||
| 700 |
_a Schmidt Charles T _9768488 |
||
| 942 |
_cREF _h370.3, BAR |
||
| 999 |
_c1364559 _d1364559 |
||